00510nam a22001697a 450000500170000001000150001702000260003203500130005803700130007108200110008410000200009524500420011526000300015727000690018730000340025650000500029020160412121311.0 aENG-115018 a9788120352131c350.00 aEN-98550 bDBAD/PUB a006.78 aPachghare, V.K. aCloud computing /cby V.K. Pachghare aDelhibPHI Learningc2016 aRimjhim House, 111, Patparganj Industrial Estate,bDelhie110092 axiii,298p. :c24cm(pbk)bill. aIncludes bibliographical references and index